Tile Words Puzzle #2 - Statistics

General Stats
  • This quiz has been taken 3,639 times
    2,778 since last reset
  • The average score is 14 of 16
Answers on the Map
Answers color-coded by a green-red scale on the quiz's map according to % correct below.
 
Answer Stats
Answer % Correct
93%
93%
91%
91%
91%
91%
91%
91%
86%
86%
86%
86%
85%
85%
81%
74%
No matching quizzes found
Score Distribution
Percent of People with Each Score
Percentile by Number Answered
Your Score History
You have not taken this quiz since the last reset